LEADER 01496nam 2200361z- 450 001 9910689847503321 005 20161209105001.0 035 $a(CKB)5860000000025339 035 $a(BIP)012583470 035 $a(EXLCZ)995860000000025339 100 $a20220406c2004uuuu -u- - 101 0 $aeng 200 10$aHomeland security $eSurveillance and monitoring of explosive storage facilities : Hearing[s] before the Subcommittee on National Security, Emerging Threats and International Relations of the Committee on Government Reform, House of Representatives, One Hundred Eighth Congress, second session, and One Hundred Ninth Congress, first session, August 2, 2004, and October 31, 2005 215 $a1 online resource (iii, 163 p.) $cill 311 $a0-16-074404-0 517 $aHomeland security 606 $aExplosives$xStorage$zUnited States$xStates$xSafety measures 606 $aExplosives$xGovernment policy$zUnited States$xStates 606 $aTerrorism$zUnited States$xPrevention 606 $aNational security$zUnited States 610 $aExplosives 610 $aTerrorism 610 $aNational security 610 $aTechnology & engineering 610 $aPolitical science 615 0$aExplosives$xStorage$xStates$xSafety measures. 615 0$aExplosives$xGovernment policy$xStates. 615 0$aTerrorism$xPrevention. 615 0$aNational security 906 $aBOOK 912 $a9910689847503321 996 $aHomeland Security$91686681 997 $aUNINA LEADER 02636oam 2200469I 450 001 9910958862503321 005 20250326225227.0 010 $a9789004378155 010 $a9004378154 024 7 $a10.1163/9789004378155 035 $a(CKB)4100000005880275 035 $a(MiAaPQ)EBC5554987 035 $a(nllekb)BRILL9789004378155 035 $a(PPN)243127049 035 $a(EXLCZ)994100000005880275 100 $a20181023d2018 uy 101 0 $aeng 135 $aurcnu|||||||| 181 $ctxt$2rdacontent 182 $cc$2rdamedia 183 $acr$2rdacarrier 200 00$aSaussure and Sechehaye: Myth and Genius$eA Study in the History of Linguistics and the Foundations of Language 210 31$aLeiden,$aBoston:$cBrill,$d2018. 215 $a1 online resource (xi, 267 pages) 311 08$a9789004378148 311 08$a9004378146 327 $tFront Matter --$tCopyright Page /$rPieter A.M. Seuren --$tContents /$rPieter A.M. Seuren --$tPreface /$rPieter A.M. Seuren --$tIntroduction /$rPieter A.M. Seuren --$tWho was Ferdinand de Saussure? /$rPieter A.M. Seuren --$tThe Cours: A Critical Look /$rPieter A.M. Seuren --$tCharles-Albert Sechehaye /$rPieter A.M. Seuren --$tSechehaye and the Great Subject-Predicate Debate /$rPieter A.M. Seuren --$tStructuralism, Rationalism and Romanticism in Psychology and Linguistics /$rPieter A.M. Seuren --$tConclusions /$rPieter A.M. Seuren. 330 $aIn this book, Pieter Seuren argues that Ferdinand de Saussure has been grossly overestimated over the past century, while his junior colleague Albert Sechehaye has been undeservedly ignored. Saussure was anything but the great innovator he is generally believed to be. Sechehaye was a genius providing many trenchant analyses and anticipating many modern insights. The lives and works of both men are discussed in detail and they are placed in the cultural, intellectual and social environment of their day. Much attention is paid to the theoretical issues involved, in particular to the notion and history of structuralism, to the great subject-predicate debate that dominated linguistic theory at the time, and to questions of methodology in the theory of language. 606 $aLinguistics$xHistory 606 $aPsychology 606 $aLanguage and languages 615 0$aLinguistics$xHistory. 615 0$aPsychology. 615 0$aLanguage and languages. 676 $a410.92/2 700 $aSeuren$b Pieter A. M$0159106 801 0$bNL-LeKB 801 1$bNL-LeKB 906 $aBOOK 912 $a9910958862503321 996 $aSaussure and Sechehaye: Myth and Genius$94319183 997 $aUNINA